V Starom Meste pribudli posily mestská polícia

Bibliographic Details
Main Author: Eperješiová, Eva (Author)
Format: Article
Language:Slovak
PhysicalDescription:Fotogr.
ISSN:1335-4566
Subjects:

MARC

LEADER 00000nab a2200000 a 4500
001 vtls010040389
003 SK-MaSNL
005 20260303051031.0
008 100118c20100116xo drz 0 0slo
038 |a KEVKJB 
040 |a KEVKJB  |b slo  |c KEVKJB  |e AACR2 
041 0 |a slo 
044 |a xo  |c SK 
080 |a 351.74  |2 2001 
100 1 |a Eperješiová, Eva  |4 aut  |9 1034675 
245 1 0 |a V Starom Meste pribudli posily  |b mestská polícia  |c Eva Eperješiová 
300 |b Fotogr. 
610 1 7 |a Košice (Slovensko).  |b Mestská polícia  |2 kevkjb  |9 85955 
651 7 |a Košice (Slovensko)  |2 kevkjb  |9 18694 
651 7 |a Staré Mesto (Košice I, Slovensko)  |2 kevkjb  |9 160203 
773 0 |t Košický Korzár  |g Roč. XIII, č. 12 (16.1.2009), s.3  |x 1335-4566 
852 |a KEVKJB  |b KIS3GCP 
999 |c 1710021  |d 1711951